Performance enhancement of solar power system (Record no. 11284)
[ view plain ]
| 000 -LEADER | |
|---|---|
| fixed length control field | 00588 a2200157 4500 |
| 082 ## - DEWEY DECIMAL CLASSIFICATION NUMBER | |
| Classification number | BEE-5 |
| 100 ## - MAIN ENTRY--PERSONAL NAME | |
| Personal name | Muhammad Umar Farooq |
| 9 (RLIN) | 15722 |
| 245 ## - TITLE STATEMENT | |
| Title | Performance enhancement of solar power system |
| Statement of responsibility, etc. | Muhammad Umar Farooq |
| 260 ## - PUBLICATION, DISTRIBUTION, ETC. | |
| Place of publication, distribution, etc. | Islamabad |
| Name of publisher, distributor, etc. | NUST School of Electrical Engineering and Computer Science |
| Date of publication, distribution, etc. | 2012 |
| 300 ## - PHYSICAL DESCRIPTION | |
| Extent | 104p |
| Other physical details | :ill. |
| Dimensions | :27cm.+ |
| Accompanying material | CD-ROM |
| 500 ## - GENERAL NOTE | |
| General note | Supervisors: Mr. Aslam Azad, Dr. Tauseef Tauqeer |
| 563 ## - BINDING INFORMATION | |
| Binding note | HB |
| 700 ## - ADDED ENTRY--PERSONAL NAME | |
| Personal name | Amna Meer, Sajjad ur Rehman Sheikh |
| 9 (RLIN) | 93574 |
| 856 ## - ELECTRONIC LOCATION AND ACCESS | |
| Uniform Resource Identifier | <a href="http://10.250.8.41:8080/xmlui/handle/123456789/10834">http://10.250.8.41:8080/xmlui/handle/123456789/10834</a> |
| 942 ## - ADDED ENTRY ELEMENTS (KOHA) | |
| Koha item type | Project Report |
| Call number prefix | BEE-5 UMA |
| Source of classification or shelving scheme | |
| Withdrawn status | Lost status | Source of classification or shelving scheme | Damaged status | Not for loan | Permanent Location | Current Location | Date acquired | Full call number | Barcode | Date last seen | Price effective from | Koha item type |
|---|---|---|---|---|---|---|---|---|---|---|---|---|
| WITHDRAWN | Central Library (CL) | Central Library (CL) | 07/14/2022 | BEE-5 UMA | SEECSP01130 | 11/14/2012 | 11/14/2012 | Project Report |
